Elemental : Alejandro Aravena (Record no. 10361)

000 -LEADER
fixed length control field 00418nam a2200169Ia 4500
003 - CONTROL NUMBER IDENTIFIER
control field OSt
005 - DATE AND TIME OF LATEST TRANSACTION
control field 20220315165541.0
008 - FIXED-LENGTH DATA ELEMENTS--GENERAL INFORMATION
fixed length control field 220308s9999 xx 000 0 und d
020 ## - INTERNATIONAL STANDARD BOOK NUMBER
International Standard Book Number 9783037785720
082 ## - DEWEY DECIMAL CLASSIFICATION NUMBER
Classification number 720.922
Item number ALE
100 ## - MAIN ENTRY--PERSONAL NAME
Personal name  Alejandro Aravena 
245 #0 - TITLE STATEMENT
Title Elemental : Alejandro Aravena
260 ## - PUBLICATION, DISTRIBUTION, ETC. (IMPRINT)
Name of publisher, distributor, etc  ‎ Lars Muller Publishers (8 October 2018)
365 ## - TRADE PRICE
Price type code EUR
365 ## - TRADE PRICE
Unit of pricing 45
942 ## - ADDED ENTRY ELEMENTS (KOHA)
Source of classification or shelving scheme
Holdings
Withdrawn status Lost status Source of classification or shelving scheme Damaged status Koha normalized classification for sorting Not for loan Permanent location Current location Date acquired Source of acquisition Cost, normal purchase price Full call number Barcode Date last seen Cost, replacement price Price effective from Koha item type
        720_922000000000000_ALE   BMS College of Architecture, Design and Planning BMS College of Architecture, Design and Planning 2022-03-15 1 2860.20 720.922 ALE AR-UG2528 2022-03-15 4086.00 2022-03-15 UG Books
Copyright © 2025, The Librarian, Library and Information Centre, BMSCA D&P, Bengaluru. All Rights Reserved
web counter

Powered by Koha